[Event "12sen.WM-H Naumburg"]
[Site "Naumburg/Saale(20.10.-03.11.)"]
[Date "2002.10.29"]
[Round "7"]
[White "Potthammel, Joerg"]
[Black "Rost, Wolfgang_Dr"]
[Result "1-0"]
[WhiteElo "2111"]
[BlackElo "1839"]
[PlyCount "85"]
[EventDate "2002.11.??"]

1. e4 c5 2. Nf3 Nc6 3. d4 cxd4 4. Nxd4 Nf6 5. Nc3 e5 6. Ndb5 d6 7. Bg5 a6 8.
Na3 b5 9. Nd5 Be7 10. Bxf6 Bxf6 11. c4 Nd4 12. cxb5 O-O 13. b6 Bb7 14. Nc4 Bg5
15. Bd3 f5 16. f3 Rc8 17. O-O Bxd5 18. exd5 Rxc4 19. Bxc4 Qxb6 20. Kh1 a5 21.
b3 Be3 22. Qd3 f4 23. g4 Qd8 24. Rab1 Qh4 25. Rb2 Rf6 26. Qe4 h5 27. Rg2 hxg4
28. Rxg4 Qh5 29. Kg2 Rh6 30. h4 Nf5 31. Rh1 Ng3 32. Rxg3 fxg3 33. Qxe3 Qf7 34.
Bd3 Rf6 35. Qe4 Qa7 36. Kxg3 Qc5 37. Qh7+ Kf7 38. Qh5+ Kf8 39. Qh8+ Kf7 40.
Qh5+ Kf8 41. Be4 Qe3 42. Qg5 Qe2 43. Rc1 1-0

[Event "12sen.WM-H Naumburg"]
[Site "Naumburg/Saale(20.10.-03.11.)"]
[Date "2002.10.29"]
[Round "7"]
[White "Rauscher, Erwin"]
[Black "Melzig, Ernst"]
[Result "1/2-1/2"]
[WhiteElo "1579"]
[BlackElo "1405"]
[PlyCount "98"]
[EventDate "2002.11.??"]

1. c4 c5 2. Nc3 Nc6 3. g3 d6 4. Bg2 Bd7 5. b3 Nf6 6. Bb2 e5 7. d3 Be7 8. e3 O-O
9. Nge2 Bg4 10. O-O Bxe2 11. Nxe2 Qc7 12. Bc3 d5 13. cxd5 Nb4 14. Bxb4 cxb4 15.
Rc1 Qa5 16. e4 Bc5 17. d4 exd4 18. Nxd4 Rfe8 19. Qd3 Bxd4 20. Qxd4 Qxa2 21.
Qxb4 Qe2 22. f3 Qe3+ 23. Kh1 Qb6 24. Qxb6 axb6 25. Rc7 Ra3 26. Rb1 Rb8 27. Bh3
Ne8 28. Rcc1 Kf8 29. e5 Ra5 30. Rd1 Ke7 31. f4 g6 32. d6+ Kd8 33. e6 fxe6 34.
Bxe6 Rc5 35. Bf7 Kd7 36. Bxe8+ Rxe8 37. Rd3 Re6 38. Rbd1 Rc2 39. R3d2 Re2 40.
Rxe2 Rxe2 41. Rd3 Rb2 42. h4 h5 43. Kg1 b5 44. Kh1 b4 45. Kg1 Rc2 46. Kf1 b5
47. Ke1 Rg2 48. Kd1 Rb2 49. Kc1 Rg2 1/2-1/2

[Event "12sen.WM-H Naumburg"]
[Site "Naumburg/Saale(20.10.-03.11.)"]
[Date "2002.10.29"]
[Round "7"]
[White "Reznikov, Emmanouil"]
[Black "Reimann, Hubert[42Merse"]
[Result "1-0"]
[WhiteElo "2098"]
[BlackElo "1941"]
[PlyCount "43"]
[EventDate "2002.11.??"]

1. e4 c5 2. c3 b6 3. d4 Bb7 4. Bd3 Nf6 5. d5 g6 6. c4 d6 7. f4 Nbd7 8. Nf3 Qc7
9. Nc3 a6 10. O-O Bg7 11. Qe2 O-O 12. Bd2 Rac8 13. Rae1 Ne8 14. e5 b5 15. e6
fxe6 16. Qxe6+ Kh8 17. Ng5 Bf6 18. Bxg6 Bxg5 19. Qh3 Bh4 20. Rxe7 Ng7 21. Qxh4
h5 22. Qg5 1-0

[Event "12sen.WM-H Naumburg"]
[Site "Naumburg/Saale(20.10.-03.11.)"]
[Date "2002.10.29"]
[Round "7"]
[White "Ristic, Sreten"]
[Black "Har_Zahav, Avraham"]
[Result "0-1"]
[WhiteElo "1796"]
[BlackElo "2072"]
[PlyCount "42"]
[EventDate "2002.11.??"]

1. d4 d5 2. c4 dxc4 3. e4 e5 4. d5 Bc5 5. Bxc4 Qh4 6. Qe2 Nf6 7. Nc3 Ng4 8. Nh3
O-O 9. Qf3 c6 10. Qg3 Qh5 11. O-O cxd5 12. exd5 f5 13. Kh1 f4 14. Qf3 Bf5 15.
Ne4 Bd4 16. Bd2 Nd7 17. Bc3 Bxe4 18. Qxe4 Bxf2 19. Rxf2 Qxh3 20. Qxf4 Rxf4 21.
gxh3 Nxf2+ 0-1

[Event "12sen.WM-H Naumburg"]
[Site "Naumburg/Saale(20.10.-03.11.)"]
[Date "2002.10.29"]
[Round "7"]
[White "Robitsch, Hermann"]
[Black "Rueggeberg, Wilhelm"]
[Result "1/2-1/2"]
[WhiteElo "2077"]
[BlackElo "1814"]
[PlyCount "63"]
[EventDate "2002.11.??"]

1. e4 c5 2. Nf3 Nc6 3. c3 d5 4. exd5 Qxd5 5. d4 e6 6. Be2 Nf6 7. O-O cxd4 8.
cxd4 Be7 9. Nc3 Qd8 10. Bf4 a6 11. Rc1 O-O 12. a3 Bd7 13. Ne5 Be8 14. Bf3 Rc8
15. d5 Nxe5 16. Bxe5 exd5 17. Bxf6 Bxf6 18. Nxd5 Bc6 19. Nxf6+ Qxf6 20. Bxc6
Rxc6 21. Qd2 Rfc8 22. g3 h6 23. Rfd1 Qf3 24. Rxc6 Qxc6 25. Qd7 Qc2 26. Rd2 Qb1+
27. Kg2 Qe4+ 28. f3 Qc6 29. Qf5 Re8 30. Rd7 f6 31. Qd3 b5 32. Rd8 1/2-1/2

[Event "12sen.WM-H Naumburg"]
[Site "Naumburg/Saale(20.10.-03.11.)"]
[Date "2002.10.29"]
[Round "7"]
[White "Roettger, Johann"]
[Black "Klose, Hans_Peter"]
[Result "0-1"]
[WhiteElo "1102"]
[BlackElo "1547"]
[PlyCount "96"]
[EventDate "2002.11.??"]

1. d4 Nf6 2. Bf4 d6 3. e3 Bd7 4. h3 g6 5. Nf3 Ne4 6. Bd3 f5 7. O-O Bg7 8. c3
O-O 9. Ng5 Nxg5 10. Bxg5 Qe8 11. Qb3+ Kh8 12. Qxb7 Nc6 13. Qb3 Rb8 14. Qc2 e6
15. b4 Ne7 16. Qd2 Nd5 17. e4 Nb6 18. Qe3 Bb5 19. Bxb5 Qxb5 20. Bf4 e5 21. Bh6
f4 22. Bxg7+ Kxg7 23. Qf3 Rbd8 24. Nd2 h6 25. Rfe1 Kh7 26. a3 g5 27. Rac1 Qe8
28. Nb3 Rg8 29. Kh2 Qf7 30. Rb1 Kh8 31. Nd2 h5 32. Rg1 Rg7 33. Nf1 g4 34. Qd3
f3 35. Qe3 Nc4 36. Qh6+ Rh7 37. Qc1 h4 38. Ra1 Rg7 39. Qh6+ Rh7 40. Qc1 Qg6 41.
Qe1 Rg7 42. g3 gxh3 43. Kxh3 Qe6+ 44. Kh2 hxg3+ 45. Rxg3 Rh7+ 46. Kg1 Rg8 47.
Qc1 Qh3 48. Rxg8+ Kxg8 0-1

[Event "12sen.WM-H Naumburg"]
[Site "Naumburg/Saale(20.10.-03.11.)"]
[Date "2002.10.29"]
[Round "7"]
[White "Roth, Karl_Heinz"]
[Black "Peierl, Walter"]
[Result "0-1"]
[WhiteElo "1632"]
[BlackElo "1800"]
[PlyCount "124"]
[EventDate "2002.11.??"]

1. d4 f5 2. Nf3 Nf6 3. c4 g6 4. Nc3 d6 5. e3 Bg7 6. Be2 O-O 7. O-O c6 8. b3 Na6
9. a3 Nc7 10. Bb2 b6 11. Rc1 Bb7 12. Nd2 e5 13. dxe5 dxe5 14. e4 fxe4 15. Ncxe4
Nxe4 16. Nxe4 Qe7 17. Qc2 c5 18. Rcd1 Ne6 19. Bf3 Nd4 20. Bxd4 exd4 21. Qd3
Rae8 22. Rfe1 Qc7 23. Re2 Re7 24. Rde1 Rfe8 25. g3 Rf8 26. Bg2 Bc8 27. f3 Bf5
28. Qd2 Rd8 29. Qd3 a5 30. g4 Bc8 31. a4 Rde8 32. Qd2 h6 33. Qd3 Kh7 34. Kh1
Qf4 35. h4 Kh8 36. Bf1 Bb7 37. Kg1 Be5 38. Qd2 Qxd2 39. Nxd2 d3 40. Rxe5 Rxe5
41. Rxe5 Rxe5 42. Bxd3 Kg7 43. Kf2 Re7 44. Ne4 Bxe4 45. Bxe4 g5 46. h5 Kf6 47.
Ke3 Ke5 48. Bf5 Re8 49. Be4 Rf8 50. Bd3 Rd8 51. Be2 Rd4 52. Kf2 Kf4 53. Ke1 Ke3
54. Bd1 Rd2 55. f4 gxf4 56. g5 hxg5 57. Bf3 Rh2 58. Bd5 Rxh5 59. Kf1 g4 60. Kg2
g3 61. Bc6 Rh2+ 62. Kg1 Rb2 0-1

[Event "12sen.WM-H Naumburg"]
[Site "Naumburg/Saale(20.10.-03.11.)"]
[Date "2002.10.29"]
[Round "7"]
[White "Rubinstein, Mark"]
[Black "Kaiser, Hans[35BGladb]"]
[Result "1-0"]
[WhiteElo "2012"]
[BlackElo "1639"]
[PlyCount "67"]
[EventDate "2002.11.??"]

1. c4 d5 2. e3 e5 3. g3 Nf6 4. Bg2 dxc4 5. Qa4+ c6 6. Qxc4 Be6 7. Qc2 Be7 8.
Nf3 Qc7 9. b3 Nbd7 10. Bb2 O-O 11. Na3 Nd5 12. e4 Nb4 13. Qb1 f6 14. Bc3 a5 15.
O-O Nc5 16. d4 exd4 17. Nxd4 Bf7 18. Nc4 Rfd8 19. Rd1 Ne6 20. Nf5 Bf8 21. Bf1
b6 22. Re1 Nc5 23. Re3 Rd7 24. a3 Nba6 25. e5 g6 26. Nd4 fxe5 27. Nxe5 Re7 28.
Ndxc6 Ree8 29. b4 Nd7 30. Bg2 Rac8 31. Nxf7 Rxe3 32. fxe3 Kxf7 33. Qb3+ Ke8 34.
Qe6+ 1-0

[Event "12sen.WM-H Naumburg"]
[Site "Naumburg/Saale(20.10.-03.11.)"]
[Date "2002.10.29"]
[Round "7"]
[White "Rudnik, Heinz"]
[Black "Hoehne, Peter[38Wedd]"]
[Result "1/2-1/2"]
[WhiteElo "2068"]
[BlackElo "1767"]
[PlyCount "119"]
[EventDate "2002.11.??"]

1. e4 c5 2. Nf3 d6 3. d4 cxd4 4. Nxd4 g6 5. Nc3 Bg7 6. Be3 Nf6 7. Qd2 Ng4 8.
Bg5 h6 9. Bh4 O-O 10. Nd5 Re8 11. Be2 a6 12. O-O Nc6 13. c3 Nxd4 14. cxd4 Be6
15. Bc4 Nf6 16. Nxf6+ exf6 17. Bxe6 fxe6 18. Qb4 Qd7 19. Rac1 Rac8 20. f3 Rc6
21. Rc3 Rec8 22. Bf2 Bf8 23. Rfc1 Rxc3 24. Rxc3 Rxc3 25. bxc3 d5 26. Qb1 Kf7
27. g4 Qc6 28. Kg2 b5 29. Be1 a5 30. h4 a4 31. h5 g5 32. e5 fxe5 33. Qg6+ Ke7
34. dxe5 Qe8 35. Qh7+ Qf7 36. Qd3 Qe8 37. f4 Qc6 38. fxg5 hxg5 39. h6 d4+ 40.
Kg1 dxc3 41. h7 Bg7 42. h8=Q Bxh8 43. Qh7+ Kd8 44. Qxh8+ Kd7 45. Qg7+ Kc8 46.
Qxg5 b4 47. Qg8+ Kd7 48. Qf7+ Kc8 49. Qf8+ Kd7 50. Qxb4 c2 51. Qd2+ Ke8 52. Qc1
Qc4 53. g5 Qxa2 54. g6 Qb1 55. g7 Kf7 56. g8=Q+ Kxg8 57. Qg5+ Kh7 58. Qh5+ Kg7
59. Qg5+ Kh7 60. Qh5+ 1/2-1/2

[Event "12sen.WM-H Naumburg"]
[Site "Naumburg/Saale(20.10.-03.11.)"]
[Date "2002.10.29"]
[Round "7"]
[White "Rychlik, Kurt"]
[Black "Kraft, Gerhard"]
[Result "0-1"]
[WhiteElo "2078"]
[BlackElo "1819"]
[PlyCount "106"]
[EventDate "2002.11.??"]

1. d4 Nf6 2. c4 e6 3. Nc3 Bb4 4. e3 d5 5. Nf3 O-O 6. Bd3 c5 7. a3 cxd4 8. exd4
Be7 9. c5 b6 10. b4 a5 11. Bf4 Bb7 12. Nb5 Ne8 13. O-O Nc6 14. Qb1 g6 15. Qb3
Bf6 16. Rfd1 Ba6 17. Bf1 Qd7 18. Nd6 Bxf1 19. Kxf1 axb4 20. axb4 Rxa1 21. Rxa1
Nxd4 22. Nxd4 Bxd4 23. Rc1 Nxd6 24. Bxd6 Qb5+ 25. Ke1 Rc8 26. Qa3 bxc5 27. Bxc5
Bxc5 28. Rxc5 Rxc5 29. bxc5 Qc6 30. Qb4 Kf8 31. Qb6 Qc8 32. Kd2 Ke8 33. Kc3 Qd8
34. Qc6+ Qd7 35. Qa8+ Ke7 36. Kd4 Qc7 37. g3 Kd7 38. f4 Qc8 39. Qa7+ Qc7 40.
Qa6 f6 41. Qa4+ Ke7 42. Qa6 g5 43. Qd3 Kd8 44. Qe3 Qd7 45. Qb3 gxf4 46. gxf4
Qc7 47. Qg3 Qf7 48. Qa3 Qb7 49. Qa5+ Kc8 50. Qa3 Kb8 51. Qc3 Qb1 52. Qa5 Qe4+
53. Kc3 Qe1+ 0-1

[Event "12sen.WM-H Naumburg"]
[Site "Naumburg/Saale(20.10.-03.11.)"]
[Date "2002.10.29"]
[Round "7"]
[White "Scheide, Helmut"]
[Black "Rettler, Heinz"]
[Result "0-1"]
[WhiteElo "2014"]
[BlackElo "2167"]
[PlyCount "62"]
[EventDate "2002.11.??"]

1. d4 Nf6 2. c4 g6 3. Nc3 d5 4. Qb3 dxc4 5. Qxc4 Bg7 6. Bf4 c6 7. e4 O-O 8. Nf3
Be6 9. Qd3 Qb6 10. Ng5 Bd7 11. Be2 h6 12. Nf3 Bg4 13. O-O Nbd7 14. Rfd1 Rfd8
15. Qc4 Be6 16. d5 cxd5 17. exd5 Rdc8 18. Qd3 Bf5 19. Qd2 Ne4 20. Nxe4 Bxe4 21.
Bxh6 Rc2 22. Qf4 Rxe2 23. Ng5 Qf6 24. Qxf6 Nxf6 25. Bxg7 Kxg7 26. d6 exd6 27.
Rxd6 Bc6 28. b3 Rae8 29. h3 Re1+ 30. Rxe1 Rxe1+ 31. Kh2 Re2 0-1

[Event "12sen.WM-H Naumburg"]
[Site "Naumburg/Saale(20.10.-03.11.)"]
[Date "2002.10.29"]
[Round "7"]
[White "Schneider, Siegfried[42Wilk]"]
[Black "Mauersberger, Frank"]
[Result "0-1"]
[WhiteElo "1676"]
[BlackElo "1992"]
[PlyCount "86"]
[EventDate "2002.11.??"]

1. d4 e6 2. Bf4 f5 3. Nf3 Nf6 4. h3 d5 5. e3 c6 6. c3 Bd6 7. Bxd6 Qxd6 8. Nbd2
Nbd7 9. Bd3 Ne4 10. Qc2 O-O 11. Bxe4 fxe4 12. Nh2 e5 13. Nb3 Qg6 14. g4 a5 15.
O-O-O a4 16. Nd2 exd4 17. cxd4 Rxf2 18. Rdf1 Rxf1+ 19. Ndxf1 a3 20. b3 Qd6 21.
Rg1 b6 22. Ng3 g6 23. h4 Ba6 24. Nf5 gxf5 25. gxf5+ Kh8 26. Qg2 Qe7 27. h5 Nf6
28. h6 Rg8 29. Qf2 Rxg1+ 30. Qxg1 c5 31. Qg3 cxd4 32. Qb8+ Ne8 33. Ng4 Qc7+ 34.
Qxc7 Nxc7 35. f6 Ne6 36. f7 dxe3 37. Nf6 Bb7 38. Nd7 d4 39. Nxb6 d3 40. Nd7 e2
41. Kd2 e3+ 42. Ke1 d2+ 43. Kxe2 Bf3+ 0-1

[Event "12sen.WM-H Naumburg"]
[Site "Naumburg/Saale(20.10.-03.11.)"]
[Date "2002.10.29"]
[Round "7"]
[White "Schneiderheinze, Roland"]
[Black "Weigel, Max"]
[Result "1-0"]
[WhiteElo "1754"]
[BlackElo "1579"]
[PlyCount "91"]
[EventDate "2002.11.??"]

1. d4 e6 2. c4 Nf6 3. Nc3 Bb4 4. a3 Be7 5. Nf3 O-O 6. e4 d6 7. Qc2 Nfd7 8. Bf4
a5 9. Rd1 c6 10. e5 d5 11. Bd3 g6 12. h4 Kg7 13. h5 Rh8 14. hxg6 hxg6 15. Ke2
Qg8 16. Qc1 Kf8 17. Bg5 Ke8 18. Rxh8 Qxh8 19. Rh1 Qg8 20. Rh6 Bf8 21. Rh4 Bg7
22. Qh1 Nf8 23. Bf6 Nbd7 24. Bxg7 Qxg7 25. Qh2 b6 26. Ng5 Ba6 27. Rf4 f5 28.
exf6 Nxf6 29. b3 Ra7 30. Qh3 Re7 31. Qf3 N8d7 32. cxd5 exd5+ 33. Kd2 Bb7 34.
Na4 Nh5 35. Rh4 Qh6 36. Bxg6+ Qxg6 37. Qxh5 Qxh5 38. Rxh5 b5 39. Rh8+ Nf8 40.
Nc5 Bc8 41. f3 Rg7 42. Rxf8+ Kxf8 43. Nge6+ Bxe6 44. Nxe6+ Kf7 45. Nxg7 Kxg7
46. b4 1-0

[Event "12sen.WM-H Naumburg"]
[Site "Naumburg/Saale(20.10.-03.11.)"]
[Date "2002.10.29"]
[Round "7"]
[White "Schober, Manfred"]
[Black "Bergmann, Hans_Dieter"]
[Result "1-0"]
[WhiteElo "2047"]
[BlackElo "1496"]
[PlyCount "49"]
[EventDate "2002.11.??"]

1. d4 Nf6 2. Nf3 d6 3. c4 g6 4. Nc3 Bg7 5. e4 O-O 6. Be2 e5 7. dxe5 dxe5 8.
Qxd8 Rxd8 9. Nd5 Nxd5 10. cxd5 c6 11. Bc4 a6 12. Be3 b5 13. Bb3 Bb7 14. O-O-O
a5 15. dxc6 Nxc6 16. Ng5 Nd4 17. Bxf7+ Kh8 18. Bxd4 exd4 19. f3 Bf6 20. h4
Rac8+ 21. Kb1 d3 22. Rc1 Bd4 23. Ne6 d2 24. Rxc8 Rxc8 25. Nxd4 1-0

[Event "12sen.WM-H Naumburg"]
[Site "Naumburg/Saale(20.10.-03.11.)"]
[Date "2002.10.29"]
[Round "7"]
[White "Schoenegg, Werner"]
[Black "Malin, Klaus"]
[Result "0-1"]
[WhiteElo "2015"]
[BlackElo "1612"]
[PlyCount "88"]
[EventDate "2002.11.??"]

1. f4 b6 2. Nf3 Bb7 3. e3 Nf6 4. b3 g6 5. Bb2 Bg7 6. Be2 e6 7. O-O O-O 8. Nc3
c5 9. Qe1 d5 10. d4 Nbd7 11. Ne5 Ne4 12. Bf3 f5 13. Be2 a6 14. Na4 Nxe5 15.
dxe5 b5 16. Nc3 d4 17. Rd1 Qb6 18. exd4 cxd4 19. Nxe4 d3+ 20. Kh1 dxe2 21. Qxe2
Bxe4 22. Rd6 Qc5 23. c3 Rfe8 24. Rfd1 Bf8 25. R6d4 Be7 26. b4 Qc7 27. Rd7 Qc6
28. h3 Bd5 29. R7xd5 exd5 30. Rd4 Qe6 31. Qf3 Red8 32. Qd1 Rac8 33. a4 Rc4 34.
axb5 axb5 35. Qd2 Qc6 36. g4 Rxd4 37. Qxd4 Qc4 38. Qg1 Qxf4 39. gxf5 Qxf5 40.
Qg2 Qxe5 41. Qd2 Rf8 42. c4 Qf5 43. Qxd5+ Qxd5+ 44. cxd5 Rd8 0-1

[Event "12sen.WM-H Naumburg"]
[Site "Naumburg/Saale(20.10.-03.11.)"]
[Date "2002.10.29"]
[Round "7"]
[White "Schuler, Georg"]
[Black "Eidam, Horst"]
[Result "1-0"]
[WhiteElo "2148"]
[BlackElo "1862"]
[PlyCount "118"]
[EventDate "2002.11.??"]

1. c4 e5 2. Nc3 Nf6 3. g3 d5 4. cxd5 Nxd5 5. Bg2 Nb6 6. d3 Nc6 7. Nf3 Be7 8.
O-O O-O 9. a3 Be6 10. b4 a6 11. Bb2 f6 12. Rc1 Qd7 13. Ne4 Qc8 14. Nc5 Bd5 15.
Qc2 Nd8 16. Nd2 Bxg2 17. Kxg2 c6 18. Qb3+ Kh8 19. d4 exd4 20. Bxd4 Nd7 21. e3
Nxc5 22. Bxc5 Re8 23. Nf3 Ne6 24. Bxe7 Rxe7 25. Rfd1 Qc7 26. Rd2 Rd8 27. Rcd1
Rxd2 28. Rxd2 Nf8 29. Qd1 Rd7 30. Nd4 Qd8 31. Qb3 Qe7 32. Kg1 Qe4 33. f3 Qd5
34. Qd1 h6 35. Kf2 Qh5 36. Kg2 Qe5 37. e4 Ne6 38. Nf5 Rxd2+ 39. Qxd2 Qc7 40. h4
Kh7 41. h5 Qd8 42. Qxd8 Nxd8 43. Nd6 Kg8 44. Kf2 Kf8 45. Ke3 Ke7 46. Nf5+ Kf7
47. f4 g6 48. hxg6+ Kxg6 49. g4 h5 50. gxh5+ Kxh5 51. Nd6 Kg6 52. f5+ Kg7 53.
Kd4 Kf8 54. Kc5 Ke7 55. Nc4 Nf7 56. Kb6 Ng5 57. Nd2 Kd6 58. Kxb7 Ke5 59. Kxc6
Nxe4 1-0

[Event "12sen.WM-H Naumburg"]
[Site "Naumburg/Saale(20.10.-03.11.)"]
[Date "2002.10.29"]
[Round "7"]
[White "Schwertel, Johann"]
[Black "Mosionzhik, Ilja"]
[Result "1/2-1/2"]
[WhiteElo "2061"]
[BlackElo "2253"]
[PlyCount "34"]
[EventDate "2002.11.??"]

1. d4 c5 2. c3 e6 3. Nf3 d5 4. Bf4 Nc6 5. e3 Nf6 6. Nbd2 Be7 7. Ne5 Nxe5 8.
Bxe5 cxd4 9. exd4 O-O 10. Bd3 b6 11. O-O a5 12. Qe2 g6 13. Rae1 Nh5 14. h3 Bd6
15. Bxd6 Qxd6 16. Qe5 Qxe5 17. Rxe5 Ba6 1/2-1/2

[Event "12sen.WM-H Naumburg"]
[Site "Naumburg/Saale(20.10.-03.11.)"]
[Date "2002.10.29"]
[Round "7"]
[White "Schwichtenberg, Juergen"]
[Black "Perk, Egbert"]
[Result "0-1"]
[WhiteElo "1633"]
[BlackElo "1910"]
[PlyCount "104"]
[EventDate "2002.11.??"]

1. b4 e5 2. Bb2 Bxb4 3. Bxe5 Nf6 4. c4 Nc6 5. Bb2 O-O 6. Nf3 d5 7. e3 Bg4 8.
cxd5 Nxd5 9. Be2 Qd6 10. O-O Qh6 11. Ba3 Qd6 12. Bb2 Qe7 13. a3 Bd6 14. Nd4
Bxe2 15. Nxe2 Be5 16. d4 Bd6 17. Qb3 Nb6 18. Nd2 Qh4 19. Nf3 Qh5 20. e4 Bxh2+
21. Kh1 Bd6+ 22. Kg1 Na5 23. Qc2 Nac4 24. e5 Be7 25. Bc1 Qg6 26. Qa2 c6 27. Ne1
Rfd8 28. f4 Qf5 29. Nf3 c5 30. a4 a5 31. Rd1 cxd4 32. Nexd4 Bc5 33. Qf2 Qg4 34.
Be3 Nxe3 35. Qxe3 Nd5 36. Qc1 Nxf4 37. Ra2 b6 38. Kf1 Bxd4 39. Rxd4 Rxd4 40.
Nxd4 Nd3 41. Qb1 Qxd4 42. Qd1 Rd8 43. Rd2 h6 44. Re2 Rd5 45. Rd2 f6 46. Qc2 Kh7
47. g3 fxe5 48. Kg2 e4 49. Re2 Nc5 50. Qb1 Qd3 51. Qf1 Nxa4 52. Rf2 Qxf1+ 0-1

[Event "12sen.WM-H Naumburg"]
[Site "Naumburg/Saale(20.10.-03.11.)"]
[Date "2002.10.29"]
[Round "7"]
[White "Semasev, Kim"]
[Black "Niebling, Ferdinand"]
[Result "1/2-1/2"]
[WhiteElo "2274"]
[BlackElo "2131"]
[PlyCount "71"]
[EventDate "2002.11.??"]

1. e4 e6 2. d4 d5 3. Nc3 Bb4 4. e5 c5 5. Bd2 Ne7 6. Nb5 Bxd2+ 7. Qxd2 O-O 8.
dxc5 Nd7 9. f4 Nxc5 10. Bd3 Bd7 11. Nd4 Qb6 12. O-O-O Rfc8 13. Ngf3 a5 14. Kb1
Na4 15. Nb3 Nxb2 16. Kxb2 a4 17. Ra1 axb3 18. axb3 Bb5 19. Rxa8 Rxa8 20. Bxb5
Qxb5 21. Ra1 Rxa1 22. Kxa1 Nc6 23. Kb2 g6 24. h4 Qc5 25. c3 h5 26. Nd4 Nxd4 27.
Qxd4 Qb5 28. Qe3 Kf8 29. Qf3 Qc5 30. g3 Ke8 31. Qd3 Ke7 32. c4 dxc4 33. bxc4
Qf2+ 34. Kc3 Qc5 35. Kb3 Qb6+ 36. Ka2 1/2-1/2

[Event "12sen.WM-H Naumburg"]
[Site "Naumburg/Saale(20.10.-03.11.)"]
[Date "2002.10.29"]
[Round "7"]
[White "Skjoenberg, Sverre"]
[Black "Kloos, Gerhard"]
[Result "0-1"]
[WhiteElo "1544"]
[BlackElo "1672"]
[PlyCount "54"]
[EventDate "2002.11.??"]

1. c4 g6 2. Nf3 Bg7 3. Nc3 Nf6 4. g3 O-O 5. Bg2 c5 6. O-O Nc6 7. d3 d6 8. Re1
a6 9. a4 e5 10. e4 Be6 11. Rb1 Nb4 12. Bg5 h6 13. Bxf6 Bxf6 14. Nd5 Nxd5 15.
cxd5 Bd7 16. b3 b6 17. Ra1 Rb8 18. a5 b5 19. Qc2 b4 20. Qe2 Bb5 21. Nd2 Qd7 22.
Nc4 Bd8 23. Qd2 Kg7 24. f4 Bxc4 25. dxc4 exf4 26. Qxf4 Bf6 27. Kh1 Bxa1 0-1

[Event "12sen.WM-H Naumburg"]
[Site "Naumburg/Saale(20.10.-03.11.)"]
[Date "2002.10.29"]
[Round "7"]
[White "Steffen, Guenter"]
[Black "Hilburt, Leonid"]
[Result "0-1"]
[WhiteElo "1847"]
[BlackElo "2106"]
[PlyCount "100"]
[EventDate "2002.11.??"]

1. b3 e5 2. Bb2 Nc6 3. e3 d5 4. Bb5 Bd6 5. Bxc6+ bxc6 6. d3 Nf6 7. Nd2 O-O 8.
Ne2 Bg4 9. f3 Be6 10. e4 Nh5 11. O-O Qg5 12. Kh1 Nf4 13. Nxf4 Qxf4 14. Qe2 Rae8
15. Rfe1 Bc8 16. Bc1 Qh4 17. g3 Qe7 18. g4 h5 19. gxh5 Qh4 20. Rg1 Qxh5 21. Qg2
Qh7 22. a4 Bc5 23. Ba3 Bxa3 24. Rxa3 Bh3 25. Qf2 f5 26. Raa1 fxe4 27. dxe4 dxe4
28. Nxe4 Qxe4 29. Rg3 Qh7 30. Rag1 Rf7 31. Qc5 Qh6 32. Rg6 Qf4 33. Qxc6 Rd8 34.
R6g3 Bf5 35. b4 Kf8 36. Qc5+ Rd6 37. Qxa7 Qd4 38. Qb8+ Rd8 39. Qb5 Bd7 40. Qa6
Qxb4 41. Rxg7 Qd6 42. Rxf7+ Kxf7 43. Qc4+ Qe6 44. Qh4 Rf8 45. Qh5+ Ke7 46. Rg7+
Kd8 47. Rg5 Qc4 48. Kg2 Qe2+ 49. Kg3 e4 50. fxe4 Qf2# 0-1

[Event "12sen.WM-H Naumburg"]
[Site "Naumburg/Saale(20.10.-03.11.)"]
[Date "2002.10.29"]
[Round "7"]
[White "Suchsland, Helmut_Dr"]
[Black "Kummer, Heinz"]
[Result "1-0"]
[WhiteElo "1786"]
[BlackElo "2051"]
[PlyCount "57"]
[EventDate "2002.11.??"]

1. e4 c5 2. b4 cxb4 3. Bb2 d6 4. d4 e6 5. Nf3 Be7 6. Bd3 Nf6 7. c4 bxc3 8. Nxc3
Nc6 9. Rc1 a6 10. Bb1 Bd7 11. O-O Rc8 12. e5 Nd5 13. Ne4 dxe5 14. dxe5 Rc7 15.
Nd6+ Kf8 16. Ba3 Kg8 17. Rc4 Qf8 18. Qe2 Nxe5 19. Nxe5 Rxc4 20. Ndxc4 Bb5 21.
Bxe7 Qxe7 22. Rc1 Qg5 23. Qd2 Nf4 24. g3 Nh3+ 25. Kg2 f6 26. Kxh3 Qh5+ 27. Kg2
g6 28. Qd8+ Kg7 29. Qe7+ 1-0

[Event "12sen.WM-H Naumburg"]
[Site "Naumburg/Saale(20.10.-03.11.)"]
[Date "2002.10.29"]
[Round "7"]
[White "Tochtermann, Georg_Dr"]
[Black "Schulz, Wolfgang[32Hamb]"]
[Result "0-1"]
[WhiteElo "1878"]
[BlackElo "2117"]
[PlyCount "96"]
[EventDate "2002.11.??"]

1. e4 d6 2. c4 Nf6 3. Nc3 e5 4. g3 Nc6 5. Bg2 Be6 6. d3 Qd7 7. Nge2 Bh3 8. O-O
h5 9. f4 exf4 10. Nxf4 Bg4 11. Bf3 Bxf3 12. Qxf3 h4 13. Ncd5 Ne5 14. Nxf6+ gxf6
15. Qe2 hxg3 16. hxg3 O-O-O 17. Rf2 d5 18. cxd5 Ng4 19. Be3 Nxf2 20. Bxf2 Bd6
21. Qe3 b6 22. Rc1 Rh7 23. Kf1 Rh1+ 24. Kg2 Rxc1 25. Qxc1 Rh8 26. Be3 Rg8 27.
Qd1 Qb5 28. Qc2 f5 29. a4 Qd7 30. a5 fxe4 31. dxe4 Qb5 32. axb6 axb6 33. Ne2
Be5 34. b3 Qb4 35. Qd3 Kb7 36. Qc2 Qd6 37. Bf2 f5 38. Qd3 f4 39. Qf3 Qh6 40.
Kf1 fxg3 41. Be3 Rf8 42. Bxh6 Rxf3+ 43. Ke1 Rxb3 44. Kd2 Bd6 45. Be3 g2 46. Bg1
Bc5 47. Bxc5 bxc5 48. Ke1 Re3 0-1

[Event "12sen.WM-H Naumburg"]
[Site "Naumburg/Saale(20.10.-03.11.)"]
[Date "2002.10.29"]
[Round "7"]
[White "Uhlmann, Wolfgang"]
[Black "Taimanow, Mark"]
[Result "1/2-1/2"]
[WhiteElo "2440"]
[BlackElo "2406"]
[PlyCount "59"]
[EventDate "2002.11.??"]

1. c4 c5 2. Nf3 Nc6 3. Nc3 g6 4. e3 d6 5. d4 Bg4 6. Be2 cxd4 7. exd4 Bg7 8. d5
Bxf3 9. Bxf3 Ne5 10. Be2 Nf6 11. Be3 O-O 12. O-O Qa5 13. Rc1 Rfc8 14. b3 a6 15.
a4 Ned7 16. Bd2 Qd8 17. Re1 Nc5 18. Qc2 a5 19. Bg4 Ne8 20. Rb1 f5 21. Bd1 Nc7
22. Bg5 Be5 23. f4 Bd4+ 24. Kh1 Bxc3 25. Qxc3 Ne4 26. Rxe4 fxe4 27. Bg4 Qf8 28.
Bxc8 Rxc8 29. Qe3 h6 30. Bh4 1/2-1/2

[Event "12sen.WM-H Naumburg"]
[Site "Naumburg/Saale(20.10.-03.11.)"]
[Date "2002.10.29"]
[Round "7"]
[White "Vogel, Alfred[37Soemm]"]
[Black "Limberg, Siegfried"]
[Result "0-1"]
[WhiteElo "1916"]
[BlackElo "2128"]
[PlyCount "68"]
[EventDate "2002.11.??"]

1. e4 c5 2. Nc3 Nc6 3. g3 g6 4. Bg2 Bg7 5. d3 e6 6. Be3 d6 7. Qd2 Rb8 8. f4
Nge7 9. Nf3 Nd4 10. Rb1 O-O 11. Ne2 Nxe2 12. Kxe2 Qc7 13. g4 f5 14. g5 e5 15.
h4 Be6 16. h5 fxe4 17. dxe4 Bxa2 18. Rbg1 Bc4+ 19. Ke1 exf4 20. Bxf4 Rbd8 21.
c3 Qb6 22. Bf1 d5 23. e5 Qa6 24. Kf2 Qe6 25. Bh3 Qc6 26. Kg3 d4 27. cxd4 Bd5
28. Bg4 Nf5+ 29. Kf2 cxd4 30. hxg6 hxg6 31. Nh4 Ne3 32. Kg3 Rxf4 33. Kxf4 Rf8+
34. Kg3 Bxe5+ 0-1

[Event "12sen.WM-H Naumburg"]
[Site "Naumburg/Saale(20.10.-03.11.)"]
[Date "2002.10.29"]
[Round "7"]
[White "Vucenovic, Dragomir"]
[Black "Dorawa, Bernhard"]
[Result "1-0"]
[WhiteElo "2279"]
[BlackElo "2148"]
[PlyCount "67"]
[EventDate "2002.11.??"]

1. Nf3 Nf6 2. g3 b6 3. Bg2 Bb7 4. O-O e6 5. d4 d5 6. b3 Be7 7. Nbd2 Nbd7 8. Bb2
O-O 9. c4 c5 10. e3 dxc4 11. bxc4 Qc7 12. Rc1 Ne4 13. Nxe4 Bxe4 14. Ne1 Bxg2
15. Nxg2 Nf6 16. Qe2 Rfd8 17. Rfd1 Rd7 18. Nf4 Rad8 19. d5 exd5 20. Bxf6 Bxf6
21. Nxd5 Qe5 22. Rd2 Rd6 23. Rcd1 g6 24. Re1 Bg7 25. e4 Qe6 26. e5 R6d7 27. f4
Kh8 28. Red1 h6 29. Qg2 a6 30. Nc7 Rxd2 31. Rxd2 Rxd2 32. Qa8+ Kh7 33. Nxe6
fxe6 34. Qxa6 1-0

[Event "12sen.WM-H Naumburg"]
[Site "Naumburg/Saale(20.10.-03.11.)"]
[Date "2002.10.29"]
[Round "7"]
[White "Waisberg, Arnold"]
[Black "Baumgartner, Heinz"]
[Result "0-1"]
[WhiteElo "2063"]
[BlackElo "2398"]
[PlyCount "56"]
[EventDate "2002.11.??"]

1. e4 d5 2. exd5 Qxd5 3. Nc3 Qa5 4. Nf3 c6 5. Bc4 Bf5 6. b4 Qc7 7. Qe2 Nf6 8.
d4 e6 9. Rb1 b5 10. Bd3 Bxd3 11. Qxd3 a5 12. a3 axb4 13. axb4 Nbd7 14. Ne4 Nxe4
15. Qxe4 Nf6 16. Qd3 Nd5 17. Bd2 Bxb4 18. c3 Bxc3 19. Bxc3 Ra3 20. Ra1 Rxc3 21.
Qxc3 Nxc3 22. Ra8+ Ke7 23. Rxh8 b4 24. O-O b3 25. Nd2 b2 26. g3 Qb7 27. Nb1
Nxb1 28. Rxb1 Qb3 0-1